| 000 | 00437nam a22001697a 4500 | ||
|---|---|---|---|
| 003 | SGT | ||
| 020 | _a9788131256435 | ||
| 082 |
_a610.73 _bY23Y |
||
| 100 | _aYODER-WISE, PATRICIA | ||
| 245 | _aYODER-WISE'S LEADING & MANAGING IN NURSING | ||
| 250 | _a1ST S.A | ||
| 260 |
_aINDIA _bELSEVIER PUB _c2023 |
||
| 300 | _a624 | ||
| 650 | _aNURSING MANAGEMENT | ||
| 653 | _aYODER-WISE'S LEADING & MANAGING IN NURSING | ||
| 942 |
_2ddc _cBK |
||
| 999 |
_c27524 _d27524 |
||